000 01202nas a2200397 4500
001 BR0703304
003 BR-BrBNA
005 20231205110846.0
007 ta
008 230509b bl.|||p| |||| 00| 00por d
040 _aBR-BrBNA
_bpor
_cBiblioteca Nacional de Agricultura
041 _a(Pt)
072 _aL51; L52
100 1 _aCaldas Neto, S.F.
100 1 _aZeoula, L.M.
100 1 _aKazama, R.
100 1 _aPrado, I.N. do
100 1 _aGeron, L.J.V.
100 1 _aOliveira, F.C.L. de
100 1 _aPrado, O.P.P. do
245 1 _aProteína degradável no rúmen associada a fontes de amido de alta ou baixa degradabilidade: digestibilidade in vitro e desempenho de novilhos em crescimento
650 _aGADO DE CORTE
650 _aNOVILHO
650 _aGADO NELORE
650 _aRÚMEM
650 _aDIETA
650 _aCOMPOSIÇÃO QUÍMICA
650 _aPROTEÍNA
650 _aMILHO
650 _aAMIDO
650 _aDIGESTIBILIDADE IN VITRO
650 _aPERFORMANCE
773 0 _tRevista Brasileira de Zootecnia (Brazil)
_xISSN 1516-3598
_g(Mar-Apr 2007), v. 36(2) p. 452-460
_wBR0703304
909 _a202311
_bLúcia
_c55
_dLúcia Elande
942 _2AGRIS
_n0
_cANA
999 _c189454
_d189454